[Event "ARG-ch sf 99th"]
[Site "Buenos Aires"]
[Date "2024.06.02"]
[Round "2"]
[White "Toffoletto, Ramiro"]
[Black "Zelaya Aragon, Eros Ivan"]
[Result "1/2-1/2"]
[WhiteElo "1731"]
[BlackElo "1926"]
[PlyCount "54"]
[EventDate "2024.06.01"]
[EventType "swiss"]
[EventRounds "9"]
[EventCountry "ARG"]
[SourceTitle "CB24_2024"]
[SourceDate "2024.06.12"]
[SourceVersion "1"]
[SourceVersionDate "2024.06.12"]
[SourceQuality "1"]

1. d4 Nf6 2. Nf3 e6 3. c4 c5 4. e3 b6 5. Nc3 d5 6. b3 Bb7 7. Bb2 a6 8. Be2 Bd6 9. 0-0 0-0 10. Rc1 Nbd7 11. cxd5 exd5 12. dxc5 bxc5 13. Nh4 Rc8 14. Bf3 Ne5 15. Nf5 Nxf3+ 16. Qxf3 Be5 17. Na4 Bxb2 18. Nxb2 Ne4 19. Rfd1 Qf6 20. Nd3 Rc7 21. Qg4 Bc8 22. Qxg7+ Qxg7 23. Nxg7 Kxg7 24. Nf4 Rd7 25. f3 Nf6 26. Rxc5 Bb7 27. g4 h6 1/2-1/2

[Event "ARG-ch sf 99th"]
[Site "Buenos Aires"]
[Date "2024.06.01"]
[Round "1"]
[White "Zelaya Aragon, Eros Ivan"]
[Black "Valerga, Diego"]
[Result "0-1"]
[WhiteElo "1926"]
[BlackElo "2440"]
[PlyCount "80"]
[EventDate "2024.06.01"]
[EventType "swiss"]
[EventRounds "9"]
[EventCountry "ARG"]
[SourceTitle "CB24_2024"]
[SourceDate "2024.06.12"]
[SourceVersion "1"]
[SourceVersionDate "2024.06.12"]
[SourceQuality "1"]

1. e4 c6 2. d4 d5 3. exd5 cxd5 4. Bd3 Nc6 5. c3 Nf6 6. Bf4 Bg4 7. Nf3 e6 8. Nbd2 Bd6 9. Bxd6 Qxd6 10. 0-0 0-0 11. Qb3 Rab8 12. Rae1 Bxf3 13. Nxf3 b5 14. Ne5 b4 15. Qa4 Rfc8 16. f4 bxc3 17. bxc3 Ne7 18. Rf3 g6 19. Qc2 Qa3 20. Qf2 Ne4 21. Bxe4 dxe4 22. Rfe3 Rxc3 23. Rxe4 Nd5 24. Qh4 Rc1 25. Nf3 Rbb1 26. h3 Rxe1+ 27. Nxe1 Qxa2 28. Kh2 Kg7 29. Nf3 Rb2 30. Qg3 Re2 31. Rxe2 Qxe2 32. f5 exf5 33. Qb8 Qe7 34. Ne5 f6 35. Nc6 Qe4 36. Qxa7+ Kh6 37. Qa2 Ne3 38. Qf2 g5 39. g4 f4 40. Nd8 Qd5 0-1